000 00647nam a2200193 i 4500
001 108382
003 ES-MaACL
005 20250407063108.0
007 t|
008 061121s1940 sp r ||||1| spa d
100 1 _aMontero Díaz, Santiago,
_d1911-1985
_982517
245 1 0 _aEnsayo sobre las ideas geográficas de San Isidoro de Sevilla /
_cSantiago Montero Díaz.
260 _aMadrid :
_b[s.n.],
_c1940 (
_fGráfica Universal)
300 _a21 p. ;
_c24 cm.
500 _aEs separata de una obra del autor.
600 0 4 _aIsidoro de Sevilla,
_cSanto.
_9176281
852 _aES-MaACL
_j1759-F-21
_bR.18573
999 _c108382
_d108382